00403cam a2200145Ia 4500020002400000040000800024082002600032245004800058250001200106260003200118300004000150650002400190700001800214700002500232 a0393947513 (pbk.) : cJBW00a820 NOR 2001 A094 Or.04aThe Norton anthology of English literature. a7th ed. aNew York :bNorton,cc2001. alv, 2870 p. :bill., maps ;c25 cm. 0aEnglish literature.1 aAbrams, M. H.1 aGreenblatt, Stephen,